Top 10 du Giro depuis 2020 - Statistiques

Statistiques générales
  • Ce quiz a été pris 89 fois
  • Le résultat moyen est 43 sur 60
Statistiques - réponses
Année Classement Cycliste Team Nationalité % Correct
2024 1 Tadej Pogacar UAE Team Emirates Slovénie
99%
2021 1 Egan Bernal Ineos Grenadiers Colombie
97%
7 Egan Bernal Ineos Grenadiers Colombie
97%
2023 1 Primoz Roglic Jumbo-Visma Sovénie
96%
3 Simon Yates Team BikeExchange Grande-Bretagne
96%
2025 1 Simon Yates Team Visma - Lease a Bike Grande-Bretagne
96%
2 Geraint Thomas Ineos Grenadiers Grande-Bretagne
95%
3 Geraint Thomas Ineos Grenadiers Grande-Bretagne
95%
2 Richard Carapaz Ineos Grenadiers Équateur
93%
3 Richard Carapaz EF Education-Easypost Équateur
93%
7 Romain Bardet Team DSM France
92%
9 Romain Bardet Team DSM-FirmenichPOSTNL France
92%
4 Ben O'Connor Decathlon AG2RLa Mondiale Team Australie
89%
2 Isaac Del Toro UAE Team Emirates Mexique
89%
2 Jai Hindley Team Sunweb Australie
89%
2022 1 Jai Hindley Bora-Hansgrohe Australie
89%
10 Dan Martin Israel Start-Up Nation Irlande
86%
4 Derek Gee Israel-Premier Tech Canada
85%
4 João Almeida Deceuninck-Quick-Step Portugal
84%
6 João Almeida Deceuninck-Quick-Step Portugal
84%
3 João Almeida UAE Team Emirates Portugal
84%
5 Thibaut Pinot Groupama-FDJ France
84%
5 Daniel Felipe Martinez Ineos Grenadiers Colombie
78%
2 Daniel Felipe Martinez Bora-Hansgrohe Colombie
78%
7 Vincenzo Nibali Trek-Segafredo Italie
78%
4 Vincenzo Nibali Astana Qazaqstan Italie
78%
2 Damiano Caruso Bahrain Victorious Italie
77%
4 Damiano Caruso Bahrain Victorious Italie
77%
5 Damiano Caruso Bahrain-Victorious Italie
77%
10 Michael Storer Tudor Pro Cycling Team Australie
75%
10 Michael Storer Tudor Pro Cycling Team Australie
75%
3 Mikel Landa Bahrain Victorious Espagne
75%
2020 1 Tao Geoghegan Hart Ineos Grenadiers Grande-Bretagne
73%
9 Brandon McNulty UAE Team Emirates États-Unis
70%
4 Aleksandr Vlasov Astana-Premier Tech Russie
68%
6 Thymen Arensman Ineos Grenadiers Pays-Bas
67%
6 Thymen Arensman Ineos Grenadiers Pays-Bas
67%
5 Pello Bilbao Bahrain McLaren Espagne
64%
5 Pello Bilbao Bahrain Victorious Espagne
64%
6 Giulio Pellizzari Red Bull-Bora-Hansgrohe Italie
60%
6 Jakob Fuglsang Astana-Premier Tech Danemark
60%
5 Antonio Tiberi Bahrain-Victorious Italie
59%
7 Einer Rubio Movistar Team Colombie
59%
8 Einer Rubio Movistar Team Colombie
59%
7 Emanuel Buchmann Bora-Hansgrohe Allemagne
59%
7 Edward Dunbar Jayo AlUla Irlande
58%
6 Jan Hirt Intermarché-Wanty Gobert République Tchèque
58%
8 Jan Hirt Soudal-Quick Step République Tchèque
58%
10 Laurens De Plus Ineos Grenadiers Belgique
58%
10 Juan Pedro Lopez Trek-Segafredo Espagne
56%
3 Wilco Kelderman Team Sunweb Pays-Bas
56%
8 Hugh Carthy EF Education-Nippo Grande-Bretagne
55%
9 Hugh Carthy EF Education-Easy Post Grande-Bretagne
55%
8 Andreas Leknessund Team DSM Norvège
51%
8 Patrick Konrad Bora-Hansgrohe Autriche
49%
9 Tobias Foss Jumbo-Visma Norvège
49%
9 Lennard Kamna Bora-Hansgrohe Allemagne
38%
9 Fausto Masnada Deceuninck-Quick-Step Italie
37%
8 Domenico Pozzovivo Intermarché-Wanty Gobert Italie
34%
10 Hermann Pernsteiner Bahrain McLaren Autriche
25%
Aucun quiz correspondant
Distribution des résultats
% des personnes avec chaque résultat
Percentile par nombre de réponses
Votre historique - résultats
Vous n’avez pas pris ce quiz